International water Resources Management : challenges,crises and people (Record no. 906)

000 -LEADER
fixed length control field 00362 a2200109 4500
020 ## - INTERNATIONAL STANDARD BOOK NUMBER
International Standard Book Number 8178884763
082 ## - DEWEY DECIMAL CLASSIFICATION NUMBER
Classification number 333.9115 SAN
100 ## - MAIN ENTRY--PERSONAL NAME
Personal name Sanghvi,Sheela
245 ## - TITLE STATEMENT
Title International water Resources Management : challenges,crises and people
Statement of responsibility, etc. Sheela Sanghvi
260 ## - PUBLICATION, DISTRIBUTION, ETC.
Place of publication, distribution, etc. New Delhi:
Date of publication, distribution, etc. Dominate publishers and distributer,
Name of publisher, distributor, etc. 2007.
300 ## - PHYSICAL DESCRIPTION
Extent 307p. :
Dimensions 27 cm
650 ## - SUBJECT ADDED ENTRY--TOPICAL TERM
Topical term or geographic name entry element Water Resource Management
Holdings
Withdrawn status Lost status Damaged status Not for loan Permanent Location Current Location Shelving location Date acquired Total Checkouts Full call number Barcode Date last seen Price effective from Koha item type
        School of Civil and Environmental Engineering (SCEE) School of Civil and Environmental Engineering (SCEE)       333.9115 SAN NIT-6759 01/05/2017 01/05/2017 Book
© 2023 Central Library, National University of Sciences and Technology. All Rights Reserved.